书目信息 |
| 题名: |
马克骑士
|
|
| 作者: | 姜德昌 , 吴疆 著 | |
| 分册: | ||
| 出版信息: | 长春 吉林人民出版社 1998.05 |
|
| 页数: | 310页 | |
| 开本: | 21cm | |
| 丛书名: | 当代资本主义研究丛书 | |
| 单 册: | ||
| 中图分类: | D509 | |
| 科图分类: | ||
| 主题词: | 资本主义国家--政治 | |
| 电子资源: | ||
| ISBN: | 7-206-02941-8 | |
| 000 | 00739nam2 2200241 45 | |
| 001 | 00010416 3 | |
| 005 | 20050328160122.4 | |
| 010 | @a7-206-02941-8@dCNY16.00 | |
| 100 | @a20000104d1998 km y0chiy0120 ea | |
| 101 | @achi | |
| 105 | @a z 000yy | |
| 200 | 1 | @a马克骑士@AMa Ke Qi Shi@e再度崛起的德意志@EZai Du Jue Qi De De Yi Zhi@f姜德昌,吴疆著@FJiang De Chang,Wu Jiang Zhu |
| 210 | @a长春@c吉林人民出版社@d1998.05 | |
| 215 | @a310页@d21cm | |
| 225 | @a当代资本主义研究丛书 | |
| 410 | @12001 @a当代资本主义研究丛书 | |
| 517 | @a再度崛起的德意志@AZai Du Jue Qi De De Yi Zhi | |
| 606 | 0 | @a资本主义国家@x政治 |
| 690 | @aD509@v1 | |
| 701 | 0 | @a姜德昌@4著 |
| 701 | 0 | @a吴疆@4著 |
| 801 | @aCN@bTSTC@c20000104 | |
| 905 | @dD509@e79:5 | |
| 马克骑士:再度崛起的德意志/姜德昌,吴疆著.-长春:吉林人民出版社,1998.05 |
| 310页;21cm.-(当代资本主义研究丛书) |
| ISBN 7-206-02941-8:CNY16.00 |
| ● |
| 相关链接 |
|
|
|
|
正题名:马克骑士
索取号:D509/79:5
 
预约/预借
| 序号 | 登录号 | 条形码 | 馆藏地/架位号 | 状态 | 备注 |
| 1 | 0284399 | 002843999 | 第一借阅区/ [索取号:D509/79:5] | 在馆 | |
| 2 | 0284400 | 002844006 | 第一借阅区/ [索取号:D509/79:5] | 在馆 | |
| 3 | 0284401 | 002844015 | 第一样本阅览室/ [索取号:D509/79:5] | 在馆 |